000
00263nam a2200109Ia 4500
008
220714s9999 xx 000 0 und d
020
_a
978158011491 2
082
_a
690.893 CORY
100
_a
Steve Cory
_9
165050
245
0
_a
Ultimate guide Porches
942
_c
BK
_w
561
_x
John Tresidder
_y
561
_z
John Tresidder
999
_c
715144
_d
715143